Focus sur: Ithilbor - Tolkien - Statistiques

Statistiques générales
  • Ce quiz a été pris 6 fois
  • Le résultat moyen est 6 sur 9
Statistiques - réponses
Informations recherchées Réponses % Correct
Profession et titre Chef des "Elfes invités"/Conseiller de Thingol
100%
Espèce Elfe
100%
Première apparition Le Silmarillion
100%
Groupe de l'espèce Nandor
100%
Age durant lequel il vécut Premier
100%
Royaumes et contrées Doriath
60%
Cité Menegroth
40%
Ossiriand
20%
Fils Saeros
20%
Aucun quiz correspondant
Distribution des résultats
% des personnes avec chaque résultat
Percentile par nombre de réponses
Votre historique - résultats
Vous n’avez pas pris ce quiz